| 000 | 00850nam a22003017a 4500 | ||
|---|---|---|---|
| 001 | 9316 | ||
| 003 | FISKH | ||
| 005 | 20251210103321.0 | ||
| 008 | 251210b cb ||||| |||| 00| 0 eng d | ||
| 020 | _a9780439844796 | ||
| 040 |
_aFISKH _beng _cFISKH _dFISKH |
||
| 082 | _a590 | ||
| 100 | _aDavidson, Avelyn | ||
| 245 |
_aWeird mammals / _cBy Avelyn Davidson |
||
| 260 |
_aNew York , _bScholastic , _c2006 . |
||
| 300 |
_a 24 pages : _bcolor illustrations, maps ; _c15 x 19 cm. |
||
| 490 | _aBrain Bank | ||
| 505 | _aU | ||
| 521 | 8 |
_a820
_bLexile |
|
| 521 | 8 |
_aU
_bRaz-Plus |
|
| 650 |
_aMammals _vNon-fiction |
||
| 650 |
_aScience _vNon-fiction |
||
| 700 |
_aChan, Frances _eEditor |
||
| 700 |
_aSmith , Meredith _eDesigner |
||
| 700 |
_aMatthewson , Sarah _ePhoto Researcher |
||
| 942 |
_2ddc _cBK _n0 |
||
| 999 |
_c9316 _d9316 |
||